000 00591nam a2200181Ia 4500
008 100920s9999 xx 000 0 und d
082 _b98905
_a891.43 न 05
100 _aअश्क खेताभ.
245 _aभारत के उमर शहीद.
260 _bसंकेत प्रका.इलाहबाद.
_c2005
300 _a160
_bसाधी
365 _b175
520 _aहिंदी.
630 _aभारत के उमर शहीद.
650 _aहिंदी.
730 _aभारत के उमर शहीद.
942 _cBOOK
999 _c739343
_d739340